O embaixador das sombras (Registo nº 5987)
[ vista simples ]
| 000 -Etiqueta do registo | |
|---|---|
| Valores | 00688cam a2200229 04500 |
| 010 ## - Número ISBN | |
| ISBN | 9724502767 |
| 021 ## - Número do Depósito Legal | |
| Número | 65475/93 |
| 100 ## - Dados gerais de processamento | |
| Dados gerais | 20211231d1975 a||y0pory5003 ba |
| 200 1# - Titulo e menção de responsabilidade | |
| Título próprio | O embaixador das sombras |
| Primeira menção de responsabilidade | J.-C. Mezieres e P. Christin |
| 210 #9 - Publicação | |
| Local de publicação | Amadora |
| Nome do editor | Meribérica/Liber, |
| Data de publicação | D.L. 1993 |
| 215 ## - Descrição física | |
| Paginação / Volumes | 48 p. |
| Outras indicações físicas | todo il. |
| 225 2# - Colecção | |
| Título próprio da colecção | Valerian agente espácio-temporal |
| 304 ## - Nota relativa ao título | |
| Texto de nota | Tít. orig.: L'ambassadeur des ombres |
| 606 ## - Nome comum usado como assunto | |
| ID Autoridade | 1862 |
| Palavra de ordem | Banda Desenhada |
| 675 ## - CDU | |
| Notação | 087.5 |
| Edição | BN |
| Língua | por |
| 700 ## - Autor principal (pessoa individual) | |
| Apelido | Mezieres |
| Nome | J.-C. |
| Datas | 1938-2022 |
| ID Autoridade | 4751 |
| 701 ## - Co-autor principal (pessoa individual) | |
| Apelido | Christin |
| Nome | P. |
| Datas | 1938-2024 |
| ID Autoridade | 4752 |
| 801 #0 - Fonte de origem | |
| País | PT |
| Agência | BMVN |
| Regras de catalogação | RPC |
| 830 ## - Notas gerais do catalogador | |
| Criado por | Inês Silva |
| Data de criação | 31/12/2021 |
| 990 ## - Elementos KOHA | |
| Tipo de documento | Livro |
| Situação do levantamento | Biblioteca de origem | Código de barras | Cota | Permissão de empréstimo | Tipo de documento | Forma de aquisição |
|---|---|---|---|---|---|---|
| Biblioteca Municipal de Vendas Novas | 100000014006 | BD VAL/EMB | Livro |